Statystyki dla Flagi państw powyżej 100 milionów mieszkańców

Kliknij tutaj aby rozwiązać quiz!

Ogólne statystyki

  • Ten quiz został rozwiązany 15 096 razy
    (5 559 od ostatniego zresetowania)
  • Średni wynik to 13 z 15

Statystyki odpowiedzi

Odpowiedź% Poprawnych
Chiny
99%
Brazylia
98%
Japonia
98%
Stany zjednoczone
98%
Rosja
97%
Indie
94%
Meksyk
92%
Egipt
90%
Nigeria
88%
Indonezja
86%
Pakistan
73%
Filipiny
71%
Bangladesz
68%
Demokratyczna Republika Konga
65%
Etiopia
58%

Rozkład punktacji

Percentyl według liczby udzielonych odpowiedzi

Procent ludzi z każdym wynikiem

Twoja historia wyników

Nie rozwiązałeś tego quizu od ostatniego zresetowania